Thế giới nhân vật kỳ ảo trong truyện cổ tích thần kỳ các dân tộc Việt Nam Quyển 1
Tổng quan chung về tình hình nghiên cứu thế giới nhân vật kỳ ảo (TGNVKA) trong truyện cổ tích thần kỳ các dân tộc Việt Nam; những vấn đề TGNVKA trong truyện cổ tích thần kỳ; khảo sát và mô tả TGNVKA trong truyện cổ tích thần kỳ; TGNVKA - phu...
Đã lưu trong:
| 主要作者: | |
|---|---|
| 其他作者: | |
| 格式: | 圖書 |
| 語言: | Undetermined |
| 出版: |
H.
Hội Nhà văn
2017
|
| 主題: | |
| 在線閱讀: | http://lrc.tdmu.edu.vn/opac/search/detail.asp?aID=2&ID=31402 |
| 標簽: |
添加標簽
沒有標簽, 成為第一個標記此記錄!
|
| Thư viện lưu trữ: | Trung tâm Học liệu Trường Đại học Thủ Dầu Một |
|---|
| LEADER | 01587nam a2200229Ia 4500 | ||
|---|---|---|---|
| 001 | TDMU_31402 | ||
| 008 | 210410s9999 xx 000 0 und d | ||
| 082 | |a 658 | ||
| 090 | |b NG527 | ||
| 100 | |a Nguyễn, Thị Dung | ||
| 245 | 0 | |a Thế giới nhân vật kỳ ảo trong truyện cổ tích thần kỳ các dân tộc Việt Nam | |
| 245 | 0 | |c Nguyễn, Thị Dung (ng.cứu, t.hiểu) | |
| 245 | 0 | |n Quyển 1 | |
| 260 | |a H. | ||
| 260 | |b Hội Nhà văn | ||
| 260 | |c 2017 | ||
| 300 | |a 411tr. | ||
| 520 | |a Tổng quan chung về tình hình nghiên cứu thế giới nhân vật kỳ ảo (TGNVKA) trong truyện cổ tích thần kỳ các dân tộc Việt Nam; những vấn đề TGNVKA trong truyện cổ tích thần kỳ; khảo sát và mô tả TGNVKA trong truyện cổ tích thần kỳ; TGNVKA - phương thức phản ánh đ8ạc biệt về thế giới và con người; TGNVKA trong quan niệm nghệ thuật dựng truyện cổ tích | ||
| 650 | |a Văn học dân gian |x Truyện cổ tích |x Nhân vật kỳ ảo |z Việt Nam; Nghiên cứu văn học |x Nhân vật kỳ ảo |x Truyện cổ tích |z Việt Nam; Nhân vật kỳ ảo |x Truyện cổ tích thần kỳ |x Nghiên cứu văn học | ||
| 700 | |a Hội Văn nghệ dân gian Việt Nam | ||
| 856 | |u http://lrc.tdmu.edu.vn/opac/search/detail.asp?aID=2&ID=31402 | ||
| 980 | |a Trung tâm Học liệu Trường Đại học Thủ Dầu Một | ||